Films avec Ary Abittan par image - Statistiques

Statistiques générales
  • Ce quiz a été pris 39 fois
  • Le résultat moyen est 4 sur 16
Statistiques - réponses
Par images Réponse % Correct
Qu'est-ce qu'on a fait au Bon Dieu ?
92%
Les Visiteurs : La Révolution
86%
Fatal
62%
Coco
46%
A bras ouverts
35%
Robin des bois, la véritable histoire
24%
Débarquement immédiat !
19%
Dépression et des potes
14%
Vive la France
14%
Ducobu président !
11%
La Grande Boucle
11%
Hôtel Normandy
8%
La Vertu des impondérables
8%
Je vais mieux
5%
L'amour c'est mieux que la vie
5%
La Fête des voisins
3%
Aucun quiz correspondant
Distribution des résultats
% des personnes avec chaque résultat
Percentile par nombre de réponses
Votre historique - résultats
Vous n’avez pas pris ce quiz